49 Writers Who Died Before 50 Quiz Stats

 Plays Quiz Updated Jun 12, 2013

Challenge
Share
Tweet
Embed
Score 0/49 Timer 14:00
1 Play Today
% Correct
Frank, Anne
92.7%
Brontë, Charlotte
86.6%
Shelley, Percy
83.7%
Poe, Edgar Allan
81.5%
Orwell, George
77.1%
Mishima, Yukio
76.1%
Plath, Sylvia
71.5%
Fitzgerald, F. Scott
71.1%
Austen, Jane
68.5%
Kerouac, Jack
68.4%
García Lorca, Federico
67.5%
de Bergerac, Cyrano
65.3%
Wilde, Oscar
61.4%
Adams, Douglas
60.3%
Mitchell, Margaret
57.2%
Thomas, Dylan
57.2%
de Maupassant, Guy
55.8%
Kafka, Franz
54.5%
Thoreau, Henry David
53.3%
Burns, Robert
52.8%
London, Jack
52.1%
Marlowe, Christopher
51.7%
Gibran, Kahlil
50.2%
Camus, Albert
49.9%
Gogol, Nikolai
49.8%
% Correct
Stevenson, Robert Louis
48.9%
Chekov, Anton
48.6%
Crane, Stephen
48.3%
Pushkin, Alexander
47%
Byron, Lord
46.2%
Lawrence, D.H.
45%
Keats, John
43.8%
Henry, O.
42.3%
Lovecraft, H.P.
40.7%
Spenser, Edmund
37.8%
Lawrence, T.E.
37.5%
Sexton, Anne
35.5%
Jackson, Shirley
35.4%
O'Connor, Flannery
35.3%
Toole, John Kennedy
33.4%
Mansfield, Katherine
33%
Wallace, David Foster
31.8%
Agee, James
26.5%
Fielding, Henry
22.3%
Brautigan, Richard
21.8%
Orton, Joe
19.2%
Chatterton, Thomas
16.9%
Wolfe, Thomas
16.5%
West, Nathanael
15%

You're not logged in!

Compare scores with friends on all Sporcle quizzes.
OR
Log In

You Might Also Like...

Show Comments

Extras

Top Quizzes Today


Score Distribution

Your Account Isn't Verified!

In order to create a playlist on Sporcle, you need to verify the email address you used during registration. Go to your Sporcle Settings to finish the process.

Report this User

Report this user for behavior that violates our Community Guidelines.

Details: